Представление документа в формате MARC21

Поле Инд. ПП Название Значение
Тип записи a
Библиографический уровень m
001 Контрольный номер e4c26a6d-2ae9-46e4-9a26-94d83bb5a6f1
005 Дата корректировки 20170904125634.0
008 Кодируемые данные 061228
020 a ISBN 5-7609-0309-8
040 a Служба первич. каталог. НБ ТвГУ
041 0_ a Код языка текста rus
080 a Индекс УДК 544.1(075.8)
084 a Индекс другой классификации/Индекс ББК Г11я73-1
a Индекс другой классификации/Индекс ББК Г21я73-1
a Индекс другой классификации/Индекс ББК Г511я73-1
090 a Полочн. индекс Г11
x Авторский знак П17
100 1_ a Автор Папулов Юрий Григорьевич
q Полное имя Папулов Ю. Г.
245 10 a Заглавие Строение вещества в естественнонаучной картине мира
b Продолж. заглавия молекулярные аспекты : учебное пособие для студентов, обучающихся по специальности 020101.65 Химия : в 3 ч.
c Ответственность Твер. гос. ун-т [и др.]
n Номер части/ раздела Ч. 2
250 a Основные сведения об издании 3-е изд., перераб.
260 0_ a Место издания Тверь
b Издательство Тверской государственный университет
c Дата издания 2006
300 a Объем 83 с.
b Иллюстрации/ тип воспроизводства ил., табл.
500 a Примечание В надзаг. также:Твер. гос. техн. ун-т, Твер. фил. Моск. гос. ун-та экономики, статистики информатики, Твер. ин-т экологии и права и др.
504 a Библиография Библиогр.: с. 80-81.
650 04 a Основная рубрика Материя
x Основная подрубрика Строение
x Основная подрубрика Учебники для вузов
650 04 a Основная рубрика Молекулы
653 0_ a Ключевые слова Молекулы
a Ключевые слова Симметрия
a Ключевые слова Строение вещества
a Ключевые слова Строение молекул
a Ключевые слова Теория химического строения
a Ключевые слова Химическое строение
700 1_ a Другие авторы Левин Владимир Прокопьевич
q Полное имя Левин В. П.
700 1_ a Другие авторы Виноградова Марина Геннадьевна
q Полное имя Виноградова М. Г.
856 40 u URL http://edc.tversu.ru/elib/chem/0006.pdf
901 t Тип документа m
910 a гриф есть**
920 a Оператор Семен
a Оператор Густ
a Оператор Стро
a Оператор Поля
a Оператор Стро
930 a Новая/Ретро учебники
a Новая/Ретро полный текст
952 c Вид литературы К ру
954 a Дата поступления на обработку Стро
999 a Подразделение 2 Фил3